000
00341nam a2200133Ia 4500
008
220216s9999 xx 000 0 und d
100
_a
Ashcott S
245
0
_a
Further rubber-asphalt road experiments
260
_b
Rubber Developments
_c
1950
300
_a
97-102
650
_a
Rubberized asphalt
650
_a
Rubberized road
942
_c
JS
999
_c
59684
_d
59684